| 000 | 00420nam a22001697a 4500 | ||
|---|---|---|---|
| 005 | 20160625104607.0 | ||
| 008 | 160625b xxu||||| |||| 00| 0 eng d | ||
| 020 | _a81-7273-212-0 | ||
| 041 | _aeng | ||
| 082 | _b10137 | ||
| 100 |
_aSharma, Jitendra Kumar _91836 |
||
| 245 | _aEthics of Journalism in Transition | ||
| 260 |
_bAuthours Press _c2005 |
||
| 300 | _a258 | ||
| 650 |
_aMass Communication _92660 |
||
| 942 | _cBK | ||
| 999 |
_c3945 _d3944 |
||